00697nam a2200217 a 4500041000800000110008100008245006100089250001000150260002400160300001000184440006800194650002600262650002700288650002300315650003000338650002600368650002700394650002800421650001800449662001200467 aspa bAsociación de Organizaciones de Productores Ecológicos de Bolivia, AOPEB aNormas AOPEB para la producción ecológica en Bolivia a8 ed. aLa PazbAOPEBc2002 a46 p. aSerie Manuales técnicos comité técnico de normas de AOPEB aProductos orgánicos aAgricultura orgánica aNormas ambientales aCertificación ambiental aEtiquetas ambientales aProductos ecológicos aAgricultura ecológica aEcoetiquetado aBolivia